• 首页
  • 本馆介绍
  • 公告通知
  • 最新文献
  • 馆藏检索
  • 电子资源
  • 读者导购
  • 参考咨询
  • 我的图书馆
  • 登录
  • 详细信息显示
  • 放入我的书架
  • 预约/预借图书
  • 作者相关作品
  • 分类相关作品
  • 丛书相关作品
  • 出版社相关作品

书目信息

  • 表格格式
  • 工作单格式
  • 卡片格式
题名:
美国教育史
    
 
作者: 克雷明 著 ;周玉军 译
分册: 一   殖民地时期的历程(1607~1783)
出版信息: 北京   北京师范大学出版社  2003
页数: 19,563页
开本: 20cm
丛书名:
单 册:
中图分类: G571.29
科图分类:
主题词: 教育史--美国--1607-1783
电子资源:
ISBN: 7-303-06505-9
000 01002nam0 2200265 450
001 1547485608
005 20150201131157.45
010    @a7-303-06505-9@dCNY26.50
100    @a20030815d2003 em y0chiy50 ea
101 1  @achi@ceng
102    @aCN@b110000
105    @ay z 000yy
200 1  @a美国教育史@9mei guo jiao yu shi@h一@i殖民地时期的历程(1607~1783)@f(美)劳伦斯A.克雷明著@g周玉军等译
210    @a北京@c北京师范大学出版社@d2003
215    @a19,563页@d20cm
305    @a美国新闻署授权出版
330    @a本书讲述的是从新大陆文明的建成开始,到独立战争和杰弗逊那一代人努力开创了适应“美国天才”的教育为止的这一段历程。
510 1  @aAmerican Education@zeng
512 1  @a美国教育史@h1@i殖民地时期历程@e1607~1783@9mei guo jiao yu shi
606 0  @a教育史@y美国@z1607-1783
690    @aG571.29@v5
701  0 @c(美)@a克雷明@9ke lei ming@c(Cremin, Lawrence Arthur@f1925~1990)@4著
702  0 @a周玉军@9zhou yu jun@c(教育)@4译
801  0 @aCN@bTSSF@c20150201
905    @aZUCC@dG571.29@eJY1:1
    
    美国教育史.一.殖民地时期的历程(1607~1783)/(美)劳伦斯A.克雷明著/周玉军等译.-北京:北京师范大学出版社,2003
    19,563页;20cm
    
    
    ISBN 7-303-06505-9:CNY26.50
    本书讲述的是从新大陆文明的建成开始,到独立战争和杰弗逊那一代人努力开创了适应“美国天才”的教育为止的这一段历程。
●
相关链接 在E读中查询图书 在五车中查询图书 在当当中查询图书 在豆瓣中查询图书


正题名:美国教育史     索取号:G571.29/JY1:1         预约/预借

序号 登录号 条形码 馆藏地/架位号 状态 备注
1 7857563   278575631   学院路分馆/ [索取号:G571.29/JY1:1] 在馆    
唐山师范学院图书馆 欢迎您!
大连网信软件有限公司© 版权所有